书目信息 |
| 题名: |
史前华族文字解读举例
|
|
| 作者: | 高原 著 | |
| 分册: | ||
| 出版信息: | 银川 宁夏人民出版社 2010.04 |
|
| 页数: | 10, 144页 | |
| 开本: | 21cm | |
| 丛书名: | ||
| 单 册: | ||
| 中图分类: | H121 | |
| 科图分类: | ||
| 主题词: | 汉字--han zi--古文字--研究 | |
| 电子资源: | ||
| ISBN: | 978-7-227-04457-4 | |
| 000 | 00745nam0 2200229 450 | |
| 001 | 012011845179 | |
| 005 | 20110426083454.93 | |
| 010 | @a978-7-227-04457-4@dCNY25.00 | |
| 100 | @a20110426d2010 em y0chiy0120 ea | |
| 101 | 0 | @achi |
| 102 | @aCN@b630000 | |
| 105 | @aah z 000yy | |
| 106 | @ar | |
| 200 | 1 | @a史前华族文字解读举例@Ashi qian hua zu wen zi jie du ju li@f高原著@Fgao yuan zhu |
| 210 | @a银川@c宁夏人民出版社@d2010.04 | |
| 215 | @a10, 144页@c图 (部分彩图), 摹真@d21cm | |
| 330 | @a本书内容包括伟大的华不注民族、颛顼、尧、舜、共工、二犬、华不注文明在今天的见证等。 | |
| 606 | 0 | @a汉字@Ahan zi@x古文字@x研究 |
| 690 | @aH121@v4 | |
| 701 | 0 | @a高原@Agao yuan@4著 |
| 801 | 0 | @aCN@bQSSK@c20110426 |
| 905 | @b792283-85@dH121@eG205@f3 | |
| 史前华族文字解读举例/高原著.-银川:宁夏人民出版社,2010.04 |
| 10, 144页:图 (部分彩图), 摹真;21cm |
| ISBN 978-7-227-04457-4:CNY25.00 |
| 本书内容包括伟大的华不注民族、颛顼、尧、舜、共工、二犬、华不注文明在今天的见证等。 |
| ● |
| 相关链接 |
|
|
|
正题名:史前华族文字解读举例
索取号:H121/G205
 
预约/预借
| 序号 | 登录号 | 条形码 | 馆藏地/架位号 | 状态 | 备注 |
| 1 | 792283 | 207922836 | 语言库209/209语言库 71排1列6层/ [索取号:H121/G205] | 在馆 | |
| 2 | 792284 | 207922845 | 语言库209/209语言库 71排1列6层/ [索取号:H121/G205] | 在馆 | |
| 3 | 792285 | 207922854 | 语言库209/209语言库 71排1列6层/ [索取号:H121/G205] | 在馆 |